Objektivizácia cenotvorby v priemyselnom podniku v trhovom prostredí : Diplomová práca

Enregistré dans:
Détails bibliographiques
Auteur principal: Illésová, Renáta (Auteur)
Autres auteurs: Hlbocká, Mária, 1963- (xxx)
Format: Manuscrit Livre
Langue:slovaque
Publié: Trnava : STU v Bratislave MtF KMK, 1999
Sujets:
Tags: Ajouter un tag
Pas de tags, Soyez le premier à ajouter un tag!

MARC

LEADER 00000ntm a22000003a 4500
001 stu53148
005 20160719155220.4
008 000413s1999----xo------------------slo-d
040 |a STU  |b slo 
041 0 |a slo 
044 |a xo 
100 1 |a Illésová, Renáta  |4 aut 
245 1 |a Objektivizácia cenotvorby v priemyselnom podniku v trhovom prostredí :  |b Diplomová práca 
260 |a Trnava :  |b STU v Bratislave MtF KMK,  |c 1999 
300 |a 61 s  |c výťah 
650 7 |a Cenotvorba-ekonomika trhová  |2 stusub 
650 7 |a Ekonomika trhová-cenotvorba  |2 stusub 
650 7 |a manažment priemyselných podnikov  |2 stusub 
700 1 |a Hlbocká, Mária,  |d 1963-  |4 xxx  |u M190  |U MTF Materiálovotechnologická fakulta  |T MTF Katedra priemyselného inžinierstva a manažmentu  |X 4920  |U M190  |Y 167  |7 A000004920 
996 |b 284M011655  |c M*DP-290  |l MMSKP  |s P  |a 0  |w stu53148_0001